| Tag |
First Indicator |
Second Indicator |
Subfields |
| LEADER |
00000cam a2200000Ia 4500 |
| 001 |
in00001852221 |
| 005 |
20220105140805.0 |
| 006 |
m d |
| 007 |
cr cn- |
| 008 |
030403s2000 enka sb 001 0 eng d |
| 020 |
|
|
|a 0203249259 (electronic bk.)
|
| 035 |
|
|
|a (OCoLC)ocm51973585
|
| 040 |
|
|
|a N$T
|c N$T
|d UtOrBLW
|
| 049 |
|
|
|a IICC
|
| 050 |
1 |
4 |
|a HD30.255
|b .B8784 2000eb
|
| 082 |
0 |
4 |
|a 333.7/2
|2 21
|
| 245 |
0 |
4 |
|a The business of greening /
|c edited by Stephen Fineman.
|
| 264 |
|
1 |
|a London ;
|a New York :
|b Routledge,
|c 2000.
|
| 300 |
|
|
|a vi, 205 pages :
|b illustrations ;
|c 25 cm.
|
| 336 |
|
|
|a text
|b txt
|2 rdacontent
|
| 337 |
|
|
|a computer
|b c
|2 rdamedia
|
| 338 |
|
|
|a online resource
|b cr
|2 rdacarrier
|
| 490 |
1 |
|
|a Routledge research in global environmental change series ;
|v 8
|
| 504 |
|
|
|a Includes bibliographical references and index.
|
| 505 |
0 |
0 |
|t Business of greening : an introduction /
|r Stephen Fineman --
|t Manager, the business and the big wide world /
|r Martin Purvis ... [et al.] --
|t Buying the environment : the multiple meanings of green supply /
|r Steve New, Ken Green and Barbara Morton --
|t Framing environmental choices : mediating the environment in the property business /
|r Simon Guy --
|t Banking on the environment : risk and rationality /
|r Andrea Coulson --
|t Being a regulator /
|r Stephen Fineman --
|t Regulation matters : global environmental discourse and business response /
|r Jane Hunt and Sujatha Raman --
|t Business of building regulation /
|r Sujatha Raman and Elizabeth Shove --
|t Smaller enterprises and the environment : organisational learning potential? /
|r Judith Petts --
|t Agents of change in corporate 'greening' : case studies in water and electricity utilities /
|r Anja Schaefer and Brian Harvey --
|t Green myths, green realities /
|r Stephen Fineman.
|
| 533 |
|
|
|a Electronic reproduction.
|b Boulder, Colo. :
|c NetLibrary,
|d 2003.
|n Available via World Wide Web.
|n Access may be limited to NetLibrary affiliated libraries.
|
| 500 |
|
|
|a Electronic resource.
|
| 650 |
|
0 |
|a Industrial management
|x Environmental aspects.
|0 http://id.loc.gov/authorities/subjects/sh95010905
|
| 650 |
|
0 |
|a Economic development
|x Environmental aspects.
|0 http://id.loc.gov/authorities/subjects/sh88001234
|
| 650 |
|
0 |
|a Sustainable development.
|0 http://id.loc.gov/authorities/subjects/sh92005743
|
| 650 |
|
0 |
|a Environmental law.
|0 http://id.loc.gov/authorities/subjects/sh85044184
|
| 650 |
|
6 |
|a Gestion d'entreprise
|x Aspect de l'environnement.
|
| 650 |
|
6 |
|a Développement économique
|x Aspect de l'environnement.
|
| 650 |
|
6 |
|a Développement durable.
|
| 650 |
|
6 |
|a Environnement
|x Droit.
|
| 655 |
|
7 |
|a Electronic books.
|2 local
|
| 700 |
1 |
|
|a Fineman, Stephen.
|0 http://id.loc.gov/authorities/names/n82061546
|
| 710 |
2 |
|
|a NetLibrary, Inc.
|0 http://id.loc.gov/authorities/names/no99080690
|
| 776 |
1 |
|
|c Original
|z 0415224330
|w (DLC) 00036630
|w (OCoLC)43790518
|
| 830 |
|
0 |
|a Routledge research global environmental change series ;
|v 8.
|0 http://id.loc.gov/authorities/names/no99037090
|
| 856 |
4 |
1 |
|u https://proxy.library.tamu.edu/login?url=http://www.netLibrary.com/urlapi.asp?action=summary&v=1&bookid=79680
|z Connect to the full text of this electronic book
|t 0
|
| 994 |
|
|
|a 92
|b IIC
|
| 999 |
|
|
|a MARS
|
| 999 |
f |
f |
|s 6281c658-e288-321f-8f50-2bcbaf6f0627
|i 79684c07-ed46-3c1f-ac8f-af5bc8883966
|t 0
|
| 952 |
f |
f |
|a Texas A&M University
|b College Station
|c Electronic Resources
|d Available Online
|t 0
|e HD30.255 .B8784 2000eb
|h Library of Congress classification
|
| 998 |
f |
f |
|a HD30.255 .B8784 2000eb
|t 0
|l Available Online
|